000 00692nam a2200229Ii 4500
003 JO-AjNU
008 230605s9999||||xx |||||||||||||| ||und||
017 _a2008/8/2949
020 _a9957-16-473-7
040 _aJO-AjNU
_bara
_erda
_cJO-AjNU
041 _aara
050 1 4 _aK230.S438.2009
100 3 _a الشاوي ، منذر ,
_eauthor
_912502
245 0 0 _aفلسفة القانون
250 _aط1
264 3 1 _aعمان : دار الثقافة ، 2009
300 _a336ص
336 _atext
_btxt
_2rdacontent
337 _aunmediated
_bn
_2rdamedia
338 _avolume
_bnc
_2rdacarrier
650 4 _aفلسفة القوانين -- القوانين واللوائح
_912503
999 _aA2868
_c6436
_d6436